000 00365nam a22001457a 4500
999 _c7517
_d7515
005 20210305120030.0
008 210305b ||||| |||| 00| 0 eng d
082 _a346.066
100 _aAIYAR,A.N.
_96466
245 _aCOMPANY CASES [VOL-14]
260 _aMADRAS
_bTHE COMPANY LAW INSTITUTE OF INDIA
_c1944
300 _aI-42,P
650 _aLAW
_95701
942 _cJRL